000 00722nam a2200265Ia 4500
005 20260302114842.0
008 008 260114s9999 xx 000 0 eng d
020 _a9781978733480
037 _aTextbook
040 _aCRL
040 _beng
040 _cCRL
041 _2eng
041 _aeng
084 _qCRL
100 _aAndrew C. Wenaus
_91099278
245 4 _aThe Literature of Exclusion Dada, Data, and the Threshold of Electronic Literature
260 _bBloomsbury
260 _bLexington Books
260 _c2021
650 _aLiterary Studies
856 _uhttps://doi.org/10.5040/9781978733480?locatt=label:secondary_bloomsburyCollections
942 _cEBOOK
999 _c1684068
_d1684068